Communication & interpersonal skills in nursing / (Record no. 27143)
[ view plain ]
| 000 -LEADER | |
|---|---|
| fixed length control field | 01857cam a22003735i 4500 |
| 001 - CONTROL NUMBER | |
| control field | 18360990 |
| 003 - CONTROL NUMBER IDENTIFIER | |
| control field | OSt |
| 005 - DATE AND TIME OF LATEST TRANSACTION | |
| control field | 20201128024406.0 |
| 008 - FIXED-LENGTH DATA ELEMENTS--GENERAL INFORMATION | |
| fixed length control field | 141105r20142011enka frb 001 0 eng d |
| 020 ## - INTERNATIONAL STANDARD BOOK NUMBER | |
| International Standard Book Number | 0857254499 |
| 020 ## - INTERNATIONAL STANDARD BOOK NUMBER | |
| International Standard Book Number | 9780857254498 |
| 040 ## - CATALOGING SOURCE | |
| Original cataloging agency | DLC |
| Language of cataloging | eng |
| Description conventions | rda |
| Transcribing agency | DLC |
| Modifying agency | DLC |
| -- | EG-ScBUE |
| 082 04 - DEWEY DECIMAL CLASSIFICATION NUMBER | |
| Classification number | 610.73014 |
| Edition number | 22 |
| Item number | BAC |
| 100 1# - MAIN ENTRY--PERSONAL NAME | |
| Personal name | Bach, Shirley, |
| 9 (RLIN) | 36290 |
| 245 10 - TITLE STATEMENT | |
| Title | Communication & interpersonal skills in nursing / |
| Statement of responsibility, etc | Shirley Bach & Alec Grant. |
| 246 30 - VARYING FORM OF TITLE | |
| Title proper/short title | Communication and interpersonal skills in nursing |
| 250 ## - EDITION STATEMENT | |
| Edition statement | 2nd ed. |
| 264 #1 - PUBLICATION, DISTRIBUTION, ETC. (IMPRINT) | |
| Place of publication, distribution, etc | London : |
| Name of publisher, distributor, etc | Learning Matters / SAGE Publications, Ltd. ; |
| Place of publication, distribution, etc | Thousand Oaks, California : |
| Name of publisher, distributor, etc | SAGE Publications, Inc., |
| Date of publication, distribution, etc | c.2014. |
| 300 ## - PHYSICAL DESCRIPTION | |
| Extent | viii, 160 pages : |
| Other physical details | illustrations ; |
| Dimensions | 25 cm. |
| 336 ## - CONTENT TYPE | |
| Content type term | text |
| Source | rdacontent |
| 337 ## - MEDIA TYPE | |
| Media type term | unmediated |
| Source | rdamedia |
| 338 ## - CARRIER TYPE | |
| Carrier type term | volume |
| Source | rdacarrier |
| 490 0# - SERIES STATEMENT | |
| Series statement | Transforming nursing practice |
| 500 ## - GENERAL NOTE | |
| General note | "Meeting the NMC standards and essential skills clusters."--Cover. |
| 500 ## - GENERAL NOTE | |
| General note | Includes index. |
| 504 ## - BIBLIOGRAPHY, ETC. NOTE | |
| Bibliography, etc | Bibliography : p. 177-187. |
| 505 0# - FORMATTED CONTENTS NOTE | |
| Formatted contents note | Understanding communication and interpersonal skills -- Evidence-based communication and interpersonal skills -- The safe and effective practice of communication and interpersonal skills -- Understanding potential barriers to the safe and effective practice of communication and interpersonal skills -- The learning and educational context of communication and interpersonal skills -- The environmental context of communication and interpersonal skills -- Population and diversity contexts of communication and interpersonal skills -- Beyond technique. |
| 650 #7 - SUBJECT ADDED ENTRY--TOPICAL TERM | |
| Topical term or geographic name as entry element | Communication in nursing. |
| Source of heading or term | BUEsh |
| 9 (RLIN) | 42006 |
| 650 #7 - SUBJECT ADDED ENTRY--TOPICAL TERM | |
| Topical term or geographic name as entry element | Nurse and patient. |
| Source of heading or term | BUEsh |
| 9 (RLIN) | 12232 |
| 650 #7 - SUBJECT ADDED ENTRY--TOPICAL TERM | |
| Topical term or geographic name as entry element | Interpersonal relations. |
| Source of heading or term | BUEsh |
| 9 (RLIN) | 820 |
| 653 ## - INDEX TERM--UNCONTROLLED | |
| Resource For college | Nursing |
| Arrived date list | February2019 |
| 700 1# - ADDED ENTRY--PERSONAL NAME | |
| Personal name | Grant, Alec, |
| 942 ## - ADDED ENTRY ELEMENTS (KOHA) | |
| Source of classification or shelving scheme | Dewey Decimal Classification |
| Koha item type | Book - Borrowing |
| Withdrawn status | Lost status | Source of classification or shelving scheme | Damaged status | Not for loan | Collection code | Home library | Current library | Shelving location | Date acquired | Source of acquisition | Cost, normal purchase price | Serial Enumeration / chronology | Total Checkouts | Full call number | Barcode | Date last seen | Date checked out | Cost, replacement price | Price effective from | Koha item type |
|---|---|---|---|---|---|---|---|---|---|---|---|---|---|---|---|---|---|---|---|---|
| Dewey Decimal Classification | Baccah | Central Library | Central Library | First floor | 13/02/2019 | Purchase | 203.00 | 21201 | 3 | 610.73014 BAC | 000044183 | 15/07/2025 | 14/03/2023 | 254.00 | 13/02/2019 | Book - Borrowing |